[Event "DEM U16w 2020"]
[Site "Willingen GER"]
[Date "2020.10.22"]
[Round "4"]
[White "Rudolph, Eva"]
[Black "Butenandt, Svenja"]
[Result "1/2-1/2"]
[Termination "normal"]
[Board "1"]
[WhiteElo "1836"]
[BlackElo "1986"]
[WhiteClock "00:23:50"]
[BlackClock "00:21:53"]
[PlyCount "83"]
[WhiteFideId "16200594"]
[BlackFideId "12993859"]
[EventCountry "GER"]
[EventRounds "7"]
[EventType "swiss"]
[EventDate "2020.10.19"]

1. e4 {[%clk 1:30:58]} c5 {[%clk 1:30:56]} 2. Nf3 {[%clk 1:31:22]} e6 {[%clk
1:31:23]} 3. d4 {[%clk 1:31:44]} cxd4 {[%clk 1:31:48]} 4. Nxd4 {[%clk 1:32:09]}
a6 {[%clk 1:32:14]} 5. Bd3 {[%clk 1:32:23]} Qc7 {[%clk 1:32:28]} 6. O-O {[%clk
1:32:19]} Nf6 {[%clk 1:32:42]} 7. Qe2 {[%clk 1:32:26]} d6 {[%clk 1:32:49]} 8.
c4 {[%clk 1:32:33]} g6 {[%clk 1:32:45]} 9. Nc3 {[%clk 1:29:56]} Bg7 {[%clk
1:32:48]} 10. Kh1 {[%clk 1:20:32]} O-O {[%clk 1:32:05]} 11. f4 {[%clk 1:19:47]}
Nbd7 {[%clk 1:26:14]} 12. Nf3 {[%clk 1:17:38]} Re8 {[%clk 1:23:23]} 13. Bd2
{[%clk 1:14:20]} Nc5 {[%clk 1:15:04]} 14. Bc2 {[%clk 1:11:46]} b6 {[%clk
1:11:58]} 15. Rae1 {[%clk 1:10:42]} Bb7 {[%clk 1:11:08]} 16. Ng5 {[%clk
1:03:48]} h6 {[%clk 1:03:52]} 17. Nf3 {[%clk 1:00:55]} Rac8 {[%clk 1:02:01]}
18. Qf2 {[%clk 0:53:18]} Ncd7 {[%clk 0:53:57]} 19. Bd3 {[%clk 0:50:51]} Nc5
{[%clk 0:44:20]} 20. Bb1 {[%clk 0:51:02]} Qb8 {[%clk 0:42:38]} 21. e5 {[%clk
0:37:26]} Nh7 {[%clk 0:24:41]} 22. Qh4 {[%clk 0:31:31]} Nd7 {[%clk 0:18:24]}
23. Ne4 {[%clk 0:27:53]} Bxe4 {[%clk 0:13:56]} 24. Bxe4 {[%clk 0:28:08]} dxe5
{[%clk 0:10:12]} 25. fxe5 {[%clk 0:28:06]} Rxc4 {[%clk 0:09:46]} 26. Bxh6
{[%clk 0:24:35]} Nxe5 {[%clk 0:08:09]} 27. Bxg7 {[%clk 0:21:42]} Kxg7 {[%clk
0:09:00]} 28. Qf4 {[%clk 0:04:43]} Nxf3 {[%clk 0:07:33]} 29. Qxf3 {[%clk
0:05:12]} Qc7 {[%clk 0:04:29]} 30. Bd3 {[%clk 0:05:20]} Rc5 {[%clk 0:03:47]}
31. a3 {[%clk 0:04:19]} Rh5 {[%clk 0:03:58]} 32. h3 {[%clk 0:03:54]} a5 {[%clk
0:03:56]} 33. Be2 {[%clk 0:03:55]} Rf5 {[%clk 0:03:25]} 34. Qe3 {[%clk
0:03:41]} Qe5 {[%clk 0:02:22]} 35. Qd2 {[%clk 0:02:52]} Rxf1+ {[%clk 0:01:56]}
36. Bxf1 {[%clk 0:03:15]} Qc7 {[%clk 0:02:03]} 37. Rc1 {[%clk 0:02:44]} Qb7
{[%clk 0:01:31]} 38. Bb5 {[%clk 0:02:40]} Rf8 {[%clk 0:00:41]} 39. Qd4+ {[%clk
0:02:39]} Kg8 {[%clk 0:01:00]} 40. Rc6 {[%clk 0:02:05]} Rb8 {[%clk 0:00:38]}
41. Qd6 {[%clk 0:01:06]} Ng5 {[%clk 0:21:53]} 42. Qd4 {[%clk 0:23:50]} 1/2-1/2

[Event "DEM U16w 2020"]
[Site "Willingen GER"]
[Date "2020.10.22"]
[Round "4"]
[White "Brunner, Sophia"]
[Black "Heutling, Elina"]
[Result "1-0"]
[Termination "normal"]
[Board "2"]
[WhiteElo "1850"]
[BlackElo "1873"]
[WhiteClock "00:04:01"]
[BlackClock "00:07:09"]
[PlyCount "118"]
[WhiteFideId "12960683"]
[BlackFideId "16244729"]
[EventCountry "GER"]
[EventRounds "7"]
[EventType "swiss"]
[EventDate "2020.10.19"]

1. d4 {[%clk 1:30:57]} Nf6 {[%clk 1:30:53]} 2. Nf3 {[%clk 1:31:21]} g6 {[%clk
1:31:11]} 3. Nbd2 {[%clk 1:31:42]} Bg7 {[%clk 1:25:44]} 4. e4 {[%clk 1:32:04]}
d6 {[%clk 1:26:10]} 5. Bd3 {[%clk 1:32:26]} Nbd7 {[%clk 1:21:46]} 6. O-O {[%clk
1:31:21]} e5 {[%clk 1:16:21]} 7. c3 {[%clk 1:31:01]} O-O {[%clk 1:16:01]} 8.
Re1 {[%clk 1:17:47]} Re8 {[%clk 1:03:25]} 9. a4 {[%clk 1:12:46]} exd4 {[%clk
0:59:20]} 10. Nxd4 {[%clk 0:59:59]} d5 {[%clk 0:57:56]} 11. exd5 {[%clk
0:55:02]} Rxe1+ {[%clk 0:50:05]} 12. Qxe1 {[%clk 0:55:27]} Nxd5 {[%clk
0:50:24]} 13. N2f3 {[%clk 0:53:57]} Qe7 {[%clk 0:42:57]} 14. Bg5 {[%clk
0:40:23]} N7f6 {[%clk 0:34:20]} 15. Qxe7 {[%clk 0:38:54]} Nxe7 {[%clk 0:34:48]}
16. Re1 {[%clk 0:38:31]} Kf8 {[%clk 0:31:56]} 17. Bc4 {[%clk 0:36:38]} h6
{[%clk 0:29:57]} 18. Bxf6 {[%clk 0:31:19]} Bxf6 {[%clk 0:30:23]} 19. Nb5 {[%clk
0:31:26]} Bd7 {[%clk 0:21:58]} 20. Nd2 {[%clk 0:17:40]} Rd8 {[%clk 0:14:29]}
21. Ne4 {[%clk 0:16:26]} Bxb5 {[%clk 0:13:34]} 22. Bxb5 {[%clk 0:16:46]} Kg7
{[%clk 0:03:23]} 23. f4 {[%clk 0:12:44]} c6 {[%clk 0:03:15]} 24. Bc4 {[%clk
0:12:37]} Nd5 {[%clk 0:02:45]} 25. Nxf6 {[%clk 0:10:07]} Kxf6 {[%clk 0:01:57]}
26. Rd1 {[%clk 0:09:47]} Ke7 {[%clk 0:01:45]} 27. g3 {[%clk 0:06:06]} Kd6
{[%clk 0:01:09]} 28. Kf2 {[%clk 0:05:33]} Kc5 {[%clk 0:01:08]} 29. Rd4 {[%clk
0:05:00]} a5 {[%clk 0:01:08]} 30. Bf1 {[%clk 0:03:27]} Re8 {[%clk 0:00:57]} 31.
Bc4 {[%clk 0:03:20]} Ne3 {[%clk 0:00:53]} 32. Bxf7 {[%clk 0:02:33]} Ng4+ {[%clk
0:01:18]} 33. Kg2 {[%clk 0:01:50]} Ne3+ {[%clk 0:00:46]} 34. Kf3 {[%clk
0:01:53]} Re7 {[%clk 0:00:48]} 35. Bxg6 {[%clk 0:01:20]} Nc4 {[%clk 0:00:47]}
36. b3 {[%clk 0:01:40]} Nd6 {[%clk 0:00:41]} 37. Be4 {[%clk 0:00:56]} b5 {[%clk
0:00:46]} 38. axb5 {[%clk 0:00:50]} cxb5 {[%clk 0:00:39]} 39. Rd5+ {[%clk
0:00:45]} Kc6 {[%clk 0:00:57]} 40. Rd4+ {[%clk 0:00:42]} Nxe4 {[%clk 0:01:00]}
41. Rxe4 {[%clk 0:00:53]} Rd7 {[%clk 0:00:32]} 42. Ke2 {[%clk 0:28:02]} Kc5
{[%clk 0:30:10]} 43. Re5+ {[%clk 0:28:03]} Kc6 {[%clk 0:30:05]} 44. Re6+ {[%clk
0:27:15]} Kc5 {[%clk 0:30:21]} 45. Ra6 {[%clk 0:20:00]} Re7+ {[%clk 0:30:07]}
46. Kf3 {[%clk 0:19:12]} Rd7 {[%clk 0:29:59]} 47. Rxa5 {[%clk 0:18:28]} Rd3+
{[%clk 0:30:06]} 48. Ke4 {[%clk 0:12:53]} Rxc3 {[%clk 0:30:30]} 49. Ra6 {[%clk
0:12:47]} Rxb3 {[%clk 0:26:01]} 50. Rxh6 {[%clk 0:13:03]} Rb1 {[%clk 0:25:11]}
51. f5 {[%clk 0:11:01]} b4 {[%clk 0:24:11]} 52. Kd3 {[%clk 0:10:03]} Rf1 {[%clk
0:22:53]} 53. g4 {[%clk 0:09:00]} Rf3+ {[%clk 0:21:23]} 54. Ke4 {[%clk
0:05:40]} Rc3 {[%clk 0:13:42]} 55. Rh8 {[%clk 0:04:40]} Rc4+ {[%clk 0:13:42]}
56. Ke5 {[%clk 0:04:05]} Rxg4 {[%clk 0:12:05]} 57. f6 {[%clk 0:04:04]} Rg2
{[%clk 0:06:59]} 58. f7 {[%clk 0:03:42]} Re2+ {[%clk 0:06:59]} 59. Kf6 {[%clk
0:04:01]} Rf2+ {[%clk 0:07:09]} 1-0

[Event "DEM U16w 2020"]
[Site "Willingen GER"]
[Date "2020.10.22"]
[Round "4"]
[White "Schnabel, Luise"]
[Black "Yue, Qizhou"]
[Result "1-0"]
[Termination "normal"]
[Board "6"]
[WhiteElo "1867"]
[BlackElo "1775"]
[WhiteClock "00:03:00"]
[BlackClock "00:09:37"]
[PlyCount "65"]
[WhiteFideId "12943347"]
[BlackFideId "16273800"]
[EventCountry "GER"]
[EventRounds "7"]
[EventType "swiss"]
[EventDate "2020.10.19"]

1. e4 {[%clk 1:30:56]} c5 {[%clk 1:30:51]} 2. Nf3 {[%clk 1:31:08]} e6 {[%clk
1:31:15]} 3. d4 {[%clk 1:31:11]} cxd4 {[%clk 1:31:38]} 4. Nxd4 {[%clk 1:31:30]}
Nc6 {[%clk 1:31:46]} 5. Nc3 {[%clk 1:31:07]} Qc7 {[%clk 1:31:58]} 6. g3 {[%clk
1:30:33]} a6 {[%clk 1:31:14]} 7. Bg2 {[%clk 1:29:45]} Nf6 {[%clk 1:30:28]} 8.
O-O {[%clk 1:28:51]} Be7 {[%clk 1:26:43]} 9. Re1 {[%clk 1:23:14]} O-O {[%clk
1:21:08]} 10. a4 {[%clk 1:12:36]} Bb4 {[%clk 1:08:13]} 11. Re2 {[%clk 0:58:44]}
Bxc3 {[%clk 0:49:55]} 12. bxc3 {[%clk 0:59:02]} d6 {[%clk 0:49:12]} 13. Nxc6
{[%clk 0:49:14]} bxc6 {[%clk 0:48:46]} 14. a5 {[%clk 0:39:07]} Bb7 {[%clk
0:44:11]} 15. f4 {[%clk 0:29:41]} Rfd8 {[%clk 0:40:12]} 16. Qe1 {[%clk
0:24:44]} c5 {[%clk 0:36:40]} 17. c4 {[%clk 0:18:04]} Rab8 {[%clk 0:34:20]} 18.
Bd2 {[%clk 0:14:08]} Bc6 {[%clk 0:30:19]} 19. Bc3 {[%clk 0:14:06]} Nd7 {[%clk
0:23:17]} 20. Rd1 {[%clk 0:13:13]} e5 {[%clk 0:22:58]} 21. Red2 {[%clk
0:10:56]} Nf6 {[%clk 0:14:07]} 22. fxe5 {[%clk 0:09:52]} dxe5 {[%clk 0:14:01]}
23. Bxe5 {[%clk 0:09:20]} Qxe5 {[%clk 0:13:21]} 24. Rxd8+ {[%clk 0:09:41]} Rxd8
{[%clk 0:13:43]} 25. Rxd8+ {[%clk 0:10:06]} Be8 {[%clk 0:13:32]} 26. h3 {[%clk
0:05:14]} g6 {[%clk 0:13:23]} 27. Kh2 {[%clk 0:04:44]} Kg7 {[%clk 0:10:54]} 28.
Qe3 Qc7 29. Ra8 {[%clk 0:04:01]} Bc6 {[%clk 0:10:04]} 30. Qxc5 {[%clk 0:03:39]}
Nd7 {[%clk 0:10:15]} 31. Qd4+ {[%clk 0:03:19]} f6 {[%clk 0:09:53]} 32. Ra7
{[%clk 0:02:54]} Qc8 {[%clk 0:09:37]} 33. Qd6 {[%clk 0:03:00]} 1-0

[Event "DEM U16w 2020"]
[Site "Willingen GER"]
[Date "2020.10.22"]
[Round "4"]
[White "Doll, Rebecca"]
[Black "Schneider, Katharina"]
[Result "1-0"]
[Termination "normal"]
[Board "7"]
[WhiteElo "1808"]
[BlackElo "1779"]
[WhiteClock "00:27:30"]
[BlackClock "00:31:28"]
[PlyCount "105"]
[WhiteFideId "16236890"]
[BlackFideId "16200519"]
[EventCountry "GER"]
[EventRounds "7"]
[EventType "swiss"]
[EventDate "2020.10.19"]

1. e4 {[%clk 1:30:57]} e5 {[%clk 1:30:55]} 2. Nf3 {[%clk 1:31:22]} Nc6 {[%clk
1:31:19]} 3. Bc4 {[%clk 1:31:46]} Bc5 {[%clk 1:31:44]} 4. O-O {[%clk 1:32:08]}
d6 {[%clk 1:30:14]} 5. d3 {[%clk 1:32:12]} Nf6 {[%clk 1:29:45]} 6. c3 {[%clk
1:31:52]} a6 {[%clk 1:30:01]} 7. Nbd2 {[%clk 1:31:44]} Ba7 {[%clk 1:30:17]} 8.
Bb3 {[%clk 1:31:51]} h6 {[%clk 1:30:25]} 9. Re1 {[%clk 1:31:35]} g5 {[%clk
1:30:32]} 10. Nf1 {[%clk 1:27:18]} g4 {[%clk 1:30:07]} 11. N3d2 {[%clk
1:26:46]} h5 {[%clk 1:30:24]} 12. Nc4 {[%clk 1:18:47]} h4 {[%clk 1:30:35]} 13.
Be3 {[%clk 1:10:08]} g3 {[%clk 1:03:56]} 14. Bxa7 {[%clk 0:57:59]} Nxa7 {[%clk
1:03:27]} 15. Nce3 {[%clk 0:56:12]} gxf2+ {[%clk 0:56:25]} 16. Kxf2 {[%clk
0:56:34]} Rg8 {[%clk 0:55:08]} 17. Qf3 {[%clk 0:53:21]} Bg4 {[%clk 0:54:32]}
18. Nxg4 {[%clk 0:53:05]} Rxg4 {[%clk 0:54:03]} 19. Kg1 {[%clk 0:51:13]} Rf4
{[%clk 0:53:30]} 20. Qe2 {[%clk 0:49:47]} Qd7 {[%clk 0:44:40]} 21. Ne3 {[%clk
0:48:36]} O-O-O {[%clk 0:43:54]} 22. Rf1 {[%clk 0:47:34]} Rg8 {[%clk 0:43:40]}
23. Nf5 {[%clk 0:43:07]} d5 {[%clk 0:34:17]} 24. Rxf4 {[%clk 0:40:12]} exf4
{[%clk 0:34:41]} 25. Nxh4 {[%clk 0:38:22]} dxe4 {[%clk 0:27:36]} 26. dxe4
{[%clk 0:38:06]} Nc6 {[%clk 0:23:26]} 27. Nf3 {[%clk 0:34:35]} Ng4 {[%clk
0:18:44]} 28. Kh1 {[%clk 0:26:37]} Nce5 {[%clk 0:14:19]} 29. Nxe5 {[%clk
0:25:00]} Nxe5 {[%clk 0:14:42]} 30. Rd1 {[%clk 0:22:25]} Qe7 {[%clk 0:12:16]}
31. Qh5 {[%clk 0:17:00]} Qf6 {[%clk 0:10:21]} 32. Qf5+ {[%clk 0:11:55]} Qxf5
{[%clk 0:10:42]} 33. exf5 {[%clk 0:12:20]} Rg5 {[%clk 0:08:31]} 34. Bc2 {[%clk
0:04:52]} Ng4 {[%clk 0:06:41]} 35. Rd2 {[%clk 0:04:20]} Ne3 {[%clk 0:06:00]}
36. Be4 {[%clk 0:03:37]} c6 {[%clk 0:02:52]} 37. Kg1 {[%clk 0:03:04]} Nxf5
{[%clk 0:01:57]} 38. Bxf5+ {[%clk 0:03:20]} Rxf5 {[%clk 0:02:19]} 39. Kf2
{[%clk 0:03:39]} Kc7 {[%clk 0:02:19]} 40. Kf3 {[%clk 0:03:45]} f6 {[%clk
0:01:34]} 41. Kg4 {[%clk 0:03:42]} Ra5 {[%clk 0:01:40]} 42. a3 {[%clk 0:03:56]}
Ra4 {[%clk 0:01:41]} 43. Rf2 {[%clk 0:02:54]} Re4 {[%clk 0:00:51]} 44. Kf5
{[%clk 0:01:13]} Re5+ {[%clk 0:29:57]} 45. Kxf6 {[%clk 0:31:31]} Rh5 {[%clk
0:30:17]} 46. h3 {[%clk 0:31:53]} Kd6 {[%clk 0:30:22]} 47. Rxf4 {[%clk
0:32:01]} c5 {[%clk 0:30:30]} 48. h4 {[%clk 0:27:27]} b5 {[%clk 0:30:38]} 49.
g3 {[%clk 0:26:45]} a5 {[%clk 0:30:31]} 50. Rf5 {[%clk 0:26:41]} Rh6+ {[%clk
0:30:48]} 51. Kg7 {[%clk 0:27:05]} Re6 {[%clk 0:31:05]} 52. Rf6 {[%clk
0:27:04]} Rxf6 {[%clk 0:31:28]} 53. Kxf6 {[%clk 0:27:30]} 1-0